00565nam a2200241Ia 450000500170000000800460001702000180006303700100008104000080009104000080009904000080010704100080011504100080012308400080013110000190013924500210015824500460017926000230022526000090024836500050025736500080026285600530027020260324130945.0008 260324s9999 xx 000 0 eng d a9781003579571 aEBOOK aCRL beng cCRL 2eng aeng qCRL aConal McCarthy 0aExhibiting Maori 2bA History of Colonial Cultures of Display bTaylor and Francis c2007 a b180 uhttp://www.taylorfrancis.com/books/9781003579571